000 00662nam a22001937a 4500
005 20251108173625.0
008 250721s2004 xx 000 0 ara d
082 1 4 _a214.1/فود
100 1 _aفودة، سعيد عبد اللطيف
245 1 0 _aنقض الرسالة التدمرية التي ألفها ابن تيمية /
264 1 _aعمان :
_bدار الرازي للطباعة و النشر و التوزيع،
_c2004.
300 _a160 ص.
490 0 _aالكاشف الكبير عن عقائد ابن تيمية
_v1
650 1 7 _aالعقيدة
650 1 7 _aالإسلام
650 1 7 _aالله
942 _2ddc
_cBK
999 _c108382
_d108382